000 00252nam a22001097a 4500
082 _a355.02 HEI'W
100 _aHEILBRUNN, OTTO
_948647
245 _aWARFARE IN THE ENEMY'S REAR
260 _aLONDON
_bGEORGE ALLEN
_c1963
300 _a232P
942 _cBK
999 _c582205
_d582205